[Event "DEM U16w 2023"]
[Site "Willingen GER"]
[Date "2023.05.28"]
[Round "2"]
[White "Sereda, Yaroslava"]
[Black "Malmström, Eva"]
[Result "1-0"]
[Termination "normal"]
[Board "4"]
[WhiteElo "1890"]
[BlackElo "1454"]
[WhiteClock "00:18:33"]
[BlackClock "01:03:03"]
[PlyCount "135"]
[WhiteFideId "14178940"]
[BlackFideId "34607072"]
[EventCountry "GER"]
[EventRounds "9"]
[EventType "swiss"]
[EventDate "2023.05.27"]

1. e4 {[%emt 0:00:02]} e5 {[%emt 0:00:06]} 2. Nf3 {[%emt 0:00:11]} Nc6 {[%emt
0:00:08]} 3. Bb5 {[%emt 0:00:20]} a6 {[%emt 0:00:22]} 4. Ba4 {[%emt 0:00:23]}
Nf6 {[%emt 0:00:23]} 5. d3 {[%emt 0:02:06]} b5 {[%emt 0:01:02]} 6. Bb3 {[%emt
0:00:22]} Be7 {[%emt 0:01:44]} 7. O-O {[%emt 0:04:06]} d6 {[%emt 0:01:34]} 8.
c3 {[%emt 0:03:46]} Bb7 {[%emt 0:03:04]} 9. Qe2 {[%emt 0:08:27]} Na7 {[%emt
0:03:09]} 10. Bc2 {[%emt 0:04:39]} c5 {[%emt 0:04:07]} 11. d4 {[%emt 0:05:20]}
exd4 {[%emt 0:01:25]} 12. cxd4 {[%emt 0:00:15]} O-O {[%emt 0:01:03]} 13. Rd1
{[%emt 0:12:24]} Qc7 {[%emt 0:03:16]} 14. dxc5 {[%emt 0:10:30]} dxc5 {[%emt
0:01:31]} 15. e5 {[%emt 0:05:25]} Nd5 {[%emt 0:11:54]} 16. Rxd5 {[%emt
0:03:42]} Bxd5 {[%emt 0:00:13]} 17. Qd3 {[%emt 0:00:07]} g6 {[%emt 0:01:41]}
18. Qxd5 {[%emt 0:00:12]} Rad8 {[%emt 0:00:30]} 19. Qe4 {[%emt 0:01:23]} Nc6
{[%emt 0:05:04]} 20. Bf4 {[%emt 0:03:19]} Nd4 {[%emt 0:03:58]} 21. Nc3 {[%emt
0:05:28]} Nxc2 {[%emt 0:05:18]} 22. Qxc2 {[%emt 0:00:06]} Qc6 {[%emt 0:01:21]}
23. Ne4 {[%emt 0:01:55]} c4 {[%emt 0:01:18]} 24. Nf6+ {[%emt 0:21:05]} Kg7
{[%emt 0:04:59]} 25. Qc1 {[%emt 0:00:57]} Bxf6 {[%emt 0:00:21]} 26. Bh6+ {[%emt
0:05:39]} Kg8 {[%emt 0:00:15]} 27. Bxf8 {[%emt 0:00:19]} Kxf8 {[%emt 0:01:14]}
28. exf6 {[%emt 0:00:05]} Qxf6 {[%emt 0:00:18]} 29. Qg5 {[%emt 0:01:51]} Qd6
{[%emt 0:01:55]} 30. h3 {[%emt 0:00:25]} Kg7 {[%emt 0:01:36]} 31. Re1 {[%emt
0:00:42]} f6 {[%emt 0:01:49]} 32. Qe3 {[%emt 0:00:14]} Rd7 {[%emt 0:00:27]} 33.
Qe6 {[%emt 0:00:25]} Kf8 {[%emt 0:01:14]} 34. Qxd6+ {[%emt 0:00:34]} Rxd6
{[%emt 0:00:13]} 35. Kf1 {[%emt 0:00:39]} a5 {[%emt 0:00:45]} 36. Rc1 {[%emt
0:00:30]} Ke7 {[%emt 0:00:39]} 37. b3 {[%emt 0:00:40]} cxb3 {[%emt 0:00:29]}
38. axb3 {[%emt 0:00:03]} Rd3 {[%emt 0:00:25]} 39. Ra1 {[%emt 0:00:46]} Rxb3
{[%emt 0:00:19]} 40. Rxa5 {[%emt 0:00:10]} Rb1+ {[%emt 0:00:17]} 41. Ke2 {[%emt
0:00:11]} h5 {[%emt 0:00:55]} 42. Ra6 {[%emt 0:02:46]} Rb2+ {[%emt 0:01:22]}
43. Nd2 {[%emt 0:03:08]} g5 {[%emt 0:01:24]} 44. Kd3 {[%emt 0:01:00]} Rb4
{[%emt 0:00:42]} 45. Rb6 {[%emt 0:01:28]} Rf4 {[%emt 0:00:38]} 46. f3 {[%emt
0:06:11]} Rb4 {[%emt 0:03:53]} 47. Kc3 {[%emt 0:01:09]} Ra4 {[%emt 0:00:24]}
48. Rxb5 {[%emt 0:00:45]} Ra3+ {[%emt 0:00:33]} 49. Kd4 Ra2 50. Ke3 h4 51. Rd5
Ke6 52. Rd4 f5 53. f4 g4 54. hxg4 fxg4 55. Ke4 h3 56. gxh3 gxh3 57. f5+ Ke7 58.
Nf3 h2 59. Rd1 Ra4+ 60. Ke5 Ra5+ 61. Kf4 Ra4+ 62. Kg5 Ra2 63. Rh1 Rg2+ 64. Kf4
Kf6 65. Rxh2 Rg7 66. Rh6+ Kf7 67. Ne5+ Ke7 68. f6+ 1-0

[Event "DEM U16w 2023"]
[Site "Willingen GER"]
[Date "2023.05.28"]
[Round "2"]
[White "Reich, Elisabeth"]
[Black "Hubert, Charlotte"]
[Result "0-1"]
[Termination "normal"]
[Board "5"]
[WhiteElo "1551"]
[BlackElo "1842"]
[WhiteClock "00:00:40"]
[BlackClock "00:10:21"]
[PlyCount "54"]
[WhiteFideId "16239776"]
[BlackFideId "16265920"]
[EventCountry "GER"]
[EventRounds "9"]
[EventType "swiss"]
[EventDate "2023.05.27"]

1. e4 {[%clk 01:30:56]} {[%emt 00:00:03]} c5 {[%clk 01:30:54]} {[%emt
00:00:06]} 2. Nf3 {[%clk 01:31:17]} {[%emt 00:00:09]} d6 {[%clk 01:31:18]}
{[%emt 00:00:06]} 3. d4 {[%clk 01:30:49]} {[%emt 00:00:59]} cxd4 {[%clk
01:31:42]} {[%emt 00:00:06]} 4. Qxd4 {[%clk 01:31:14]} {[%emt 00:00:05]} Nc6
{[%clk 01:31:57]} {[%emt 00:00:15]} 5. Bb5 {[%clk 01:31:39]} {[%emt 00:00:05]}
Bd7 {[%clk 01:32:14]} {[%emt 00:00:13]} 6. Bxc6 {[%clk 01:32:04]} {[%emt
00:00:05]} Bxc6 {[%clk 01:32:40]} {[%emt 00:00:04]} 7. O-O {[%clk 01:31:09]}
{[%emt 00:01:24]} Nf6 {[%clk 01:31:05]} {[%emt 00:02:05]} 8. Nc3 {[%clk
01:29:05]} {[%emt 00:02:34]} e6 {[%clk 01:28:25]} {[%emt 00:03:10]} 9. Bg5
{[%clk 01:24:29]} {[%emt 00:05:04]} Be7 {[%clk 01:27:50]} {[%emt 00:01:07]} 10.
Rfe1 {[%clk 01:20:52]} {[%emt 00:04:06]} O-O {[%clk 01:13:30]} {[%emt
00:14:50]} 11. Rad1 {[%clk 01:14:35]} {[%emt 00:06:49]} Qa5 {[%clk 01:07:27]}
{[%emt 00:06:33]} 12. Qd3 {[%clk 01:00:30]} {[%emt 00:14:31]} Rfd8 {[%clk
01:00:33]} {[%emt 00:07:28]} 13. Bh4 {[%clk 00:51:43]} {[%emt 00:09:12]} Qh5
{[%clk 00:44:24]} {[%emt 00:16:44]} 14. Bg3 {[%clk 00:45:19]} {[%emt 00:06:52]}
d5 {[%clk 00:35:46]} {[%emt 00:09:10]} 15. e5 {[%clk 00:40:11]} {[%emt
00:05:37]} Ne4 {[%clk 00:33:33]} {[%emt 00:02:43]} 16. Nd4 {[%clk 00:33:42]}
{[%emt 00:06:58]} Bb4 {[%clk 00:21:56]} {[%emt 00:12:08]} 17. Nxc6 {[%clk
00:25:23]} {[%emt 00:08:49]} bxc6 {[%clk 00:21:23]} {[%emt 00:01:03]} 18. Nxe4
{[%clk 00:18:07]} {[%emt 00:07:46]} Bxe1 {[%clk 00:20:26]} {[%emt 00:01:27]}
19. c3 {[%clk 00:18:09]} {[%emt 00:00:28]} Rdb8 {[%clk 00:15:52]} {[%emt
00:05:05]} 20. Nd6 {[%clk 00:16:29]} {[%emt 00:02:08]} Bxf2+ {[%clk 00:16:11]}
{[%emt 00:00:12]} 21. Kxf2 {[%clk 00:15:28]} {[%emt 00:01:30]} Rxb2+ {[%clk
00:16:34]} {[%emt 00:00:08]} 22. Rd2 {[%clk 00:15:29]} {[%emt 00:00:29]} Rab8
{[%clk 00:14:06]} {[%emt 00:02:59]} 23. Nc4 {[%clk 00:03:56]} {[%emt 00:12:02]}
Rxd2+ {[%clk 00:12:44]} {[%emt 00:01:52]} 24. Nxd2 {[%clk 00:04:18]} {[%emt
00:00:08]} Rb2 {[%clk 00:12:34]} {[%emt 00:00:40]} 25. Kf1 {[%clk 00:01:19]}
{[%emt 00:03:28]} Qd1+ {[%clk 00:11:56]} {[%emt 00:01:10]} 26. Be1 {[%clk
00:01:41]} {[%emt 00:00:07]} Rxa2 {[%clk 00:10:58]} {[%emt 00:01:28]} 27. c4
{[%clk 00:00:40]} {[%emt 00:01:32]} Ra1 {[%clk 00:10:21]} {[%emt 00:01:08]} 0-1

[Event "DEM U16w 2023"]
[Site "Willingen GER"]
[Date "2023.05.28"]
[Round "2"]
[White "Kern, Jennifer"]
[Black "Fischer, Darja"]
[Result "0-1"]
[Termination "normal"]
[Board "6"]
[WhiteElo "1333"]
[BlackElo "1847"]
[WhiteClock "00:28:15"]
[BlackClock "00:41:49"]
[PlyCount "68"]
[WhiteFideId "16251350"]
[BlackFideId "16240898"]
[EventCountry "GER"]
[EventRounds "9"]
[EventType "swiss"]
[EventDate "2023.05.27"]

1. d4 {[%clk 01:30:54]} {[%emt 00:00:05]} Nf6 {[%clk 01:30:56]} {[%emt
00:00:05]} 2. Nc3 {[%clk 01:31:12]} {[%emt 00:00:12]} d5 {[%clk 01:30:59]}
{[%emt 00:00:28]} 3. Bf4 {[%clk 01:31:12]} {[%emt 00:00:30]} e6 {[%clk
01:30:37]} {[%emt 00:00:51]} 4. Nb5 {[%clk 01:31:13]} {[%emt 00:00:29]} Na6
{[%clk 01:30:29]} {[%emt 00:00:39]} 5. e3 {[%clk 01:31:18]} {[%emt 00:00:24]}
Be7 {[%clk 01:30:09]} {[%emt 00:00:50]} 6. Nf3 {[%clk 01:31:14]} {[%emt
00:00:34]} O-O {[%clk 01:29:46]} {[%emt 00:00:54]} 7. Bd3 {[%clk 01:31:14]}
{[%emt 00:00:29]} c6 {[%clk 01:29:35]} {[%emt 00:00:42]} 8. Nc3 {[%clk
01:31:15]} {[%emt 00:00:28]} b6 {[%clk 01:28:16]} {[%emt 00:01:49]} 9. O-O
{[%clk 01:28:23]} {[%emt 00:03:22]} Nb8 {[%clk 01:28:08]} {[%emt 00:00:37]} 10.
e4 {[%clk 01:27:41]} {[%emt 00:01:13]} Ba6 {[%clk 01:21:24]} {[%emt 00:07:15]}
11. Bxa6 {[%clk 01:23:18]} {[%emt 00:04:52]} Nxa6 {[%clk 01:18:19]} {[%emt
00:03:35]} 12. Qe2 {[%clk 01:17:38]} {[%emt 00:06:10]} Nb8 {[%clk 01:10:26]}
{[%emt 00:08:23]} 13. Rfe1 {[%clk 01:15:01]} {[%emt 00:03:06]} Re8 {[%clk
01:04:13]} {[%emt 00:06:43]} 14. exd5 {[%clk 01:07:22]} {[%emt 00:08:10]} Nxd5
{[%clk 01:01:24]} {[%emt 00:03:18]} 15. Ne4 {[%clk 01:05:03]} {[%emt 00:02:50]}
Nxf4 {[%clk 01:01:36]} {[%emt 00:00:19]} 16. Qd2 {[%clk 01:03:51]} {[%emt
00:01:40]} Nd5 {[%clk 01:01:41]} {[%emt 00:00:25]} 17. a3 {[%clk 00:59:44]}
{[%emt 00:04:38]} Nf6 {[%clk 01:00:28]} {[%emt 00:01:44]} 18. Ng3 {[%clk
00:52:02]} {[%emt 00:08:10]} c5 {[%clk 00:59:58]} {[%emt 00:01:01]} 19. c3
{[%clk 00:50:43]} {[%emt 00:01:50]} Nc6 {[%clk 00:59:18]} {[%emt 00:01:09]} 20.
Rad1 {[%clk 00:49:49]} {[%emt 00:01:23]} cxd4 {[%clk 00:59:30]} {[%emt
00:00:18]} 21. cxd4 {[%clk 00:50:06]} {[%emt 00:00:14]} Qc7 {[%clk 00:57:26]}
{[%emt 00:02:34]} 22. Rc1 {[%clk 00:48:54]} {[%emt 00:01:42]} Qb7 {[%clk
00:57:36]} {[%emt 00:00:19]} 23. Qc3 {[%clk 00:48:17]} {[%emt 00:01:07]} Rac8
{[%clk 00:57:24]} {[%emt 00:00:43]} 24. Qe3 {[%clk 00:47:29]} {[%emt 00:01:18]}
Nd5 {[%clk 00:57:10]} {[%emt 00:00:44]} 25. Qe4 {[%clk 00:46:39]} {[%emt
00:01:19]} h6 {[%clk 00:55:10]} {[%emt 00:02:31]} 26. Red1 {[%clk 00:45:16]}
{[%emt 00:01:53]} b5 {[%clk 00:54:27]} {[%emt 00:01:13]} 27. Ne2 {[%clk
00:39:12]} {[%emt 00:06:34]} b4 {[%clk 00:53:46]} {[%emt 00:01:11]} 28. a4
{[%clk 00:38:28]} {[%emt 00:01:13]} Na5 {[%clk 00:52:51]} {[%emt 00:01:26]} 29.
Ne5 {[%clk 00:36:53]} {[%emt 00:02:04]} Rxc1 {[%clk 00:50:28]} {[%emt
00:02:53]} 30. Rxc1 {[%clk 00:37:09]} {[%emt 00:00:14]} Rc8 {[%clk 00:49:49]}
{[%emt 00:01:10]} 31. Rd1 {[%clk 00:36:13]} {[%emt 00:01:25]} Nf6 {[%clk
00:48:12]} {[%emt 00:02:08]} 32. Qd3 {[%clk 00:35:53]} {[%emt 00:00:50]} Bd6
{[%clk 00:47:20]} {[%emt 00:01:22]} 33. Nf3 {[%clk 00:34:14]} {[%emt 00:02:08]}
Qc6 {[%clk 00:43:55]} {[%emt 00:03:54]} 34. Ne1 {[%clk 00:28:15]} {[%emt
00:06:30]} Qxa4 {[%clk 00:41:49]} {[%emt 00:02:37]} 0-1

[Event "DEM U16w 2023"]
[Site "Willingen GER"]
[Date "2023.05.28"]
[Round "2"]
[White "Ottlik, Marie"]
[Black "Prinzen, Siri Marleen"]
[Result "0-1"]
[Termination "normal"]
[Board "8"]
[WhiteElo "1552"]
[BlackElo "1724"]
[WhiteClock "00:04:05"]
[BlackClock "00:09:17"]
[PlyCount "90"]
[WhiteFideId "16281730"]
[BlackFideId "16265912"]
[EventCountry "GER"]
[EventRounds "9"]
[EventType "swiss"]
[EventDate "2023.05.27"]

1. e4 {[%emt 0:00:03]} c6 {[%emt 0:00:05]} 2. d4 {[%emt 0:00:05]} d5 {[%emt
0:00:04]} 3. exd5 {[%emt 0:00:04]} cxd5 {[%emt 0:00:05]} 4. Bd3 {[%emt
0:00:16]} Nc6 {[%emt 0:00:07]} 5. c3 {[%emt 0:00:05]} Qc7 {[%emt 0:00:05]} 6.
h3 {[%emt 0:00:16]} Nf6 {[%emt 0:00:13]} 7. Nf3 {[%emt 0:00:35]} g6 {[%emt
0:00:14]} 8. Qc2 {[%emt 0:00:09]} Bg7 {[%emt 0:01:40]} 9. O-O {[%emt 0:00:30]}
Bd7 {[%emt 0:01:50]} 10. Be3 {[%emt 0:05:19]} Rc8 {[%emt 0:01:52]} 11. Rc1
{[%emt 0:03:18]} a6 {[%emt 0:03:45]} 12. Nbd2 {[%emt 0:03:36]} Qb6 {[%emt
0:13:47]} 13. Qb3 {[%emt 0:09:14]} Qxb3 {[%emt 0:06:53]} 14. Nxb3 {[%emt
0:00:39]} Bf5 {[%emt 0:00:53]} 15. Bf1 {[%emt 0:08:33]} Ne4 {[%emt 0:10:46]}
16. Nh4 {[%emt 0:08:17]} Bd7 {[%emt 0:02:10]} 17. Re1 {[%emt 0:07:55]} Ra8
{[%emt 0:16:59]} 18. Bd3 {[%emt 0:04:39]} Bf6 {[%emt 0:07:09]} 19. Nf3 {[%emt
0:04:42]} Bf5 {[%emt 0:03:19]} 20. g4 {[%emt 0:07:04]} Bc8 {[%emt 0:08:45]} 21.
Nfd2 {[%emt 0:04:08]} Nxd2 {[%emt 0:00:48]} 22. Bxd2 {[%emt 0:00:41]} g5 {[%emt
0:02:00]} 23. Nc5 {[%emt 0:04:06]} h5 {[%emt 0:02:01]} 24. f3 {[%emt 0:01:01]}
Nd8 {[%emt 0:02:24]} 25. Bc2 {[%emt 0:05:18]} Ne6 {[%emt 0:02:32]} 26. Nxe6
{[%emt 0:02:50]} Bxe6 {[%emt 0:00:07]} 27. Kg2 {[%emt 0:02:34]} Kd7 {[%emt
0:04:15]} 28. Kg3 {[%emt 0:03:44]} Kc6 {[%emt 0:00:50]} 29. f4 {[%emt 0:03:12]}
gxf4+ {[%emt 0:00:32]} 30. Bxf4 {[%emt 0:00:07]} hxg4 {[%emt 0:00:11]} 31. hxg4
{[%emt 0:00:45]} Bh4+ {[%emt 0:00:05]} 32. Kf3 {[%emt 0:01:27]} Bxe1 {[%emt
0:00:06]} 33. Rxe1 {[%emt 0:00:06]} Rag8 {[%emt 0:01:00]} 34. g5 {[%emt
0:01:01]} Rh3+ {[%emt 0:00:33]} 35. Kg2 {[%emt 0:02:28]} Rh5 {[%emt 0:00:09]}
36. Bd1 {[%emt 0:01:42]} Rhh8 {[%emt 0:00:41]} 37. Kf3 {[%emt 0:02:54]} Kd7
{[%emt 0:00:33]} 38. Bc2 {[%emt 0:01:44]} Re8 39. a4 Bh3 40. a5 Kd8 41. Be5
Rhg8 42. Bf4 Bd7 43. Bb3 Bc6 44. Kg4 f6 45. Bc2 Bd7+ 0-1

[Event "DEM U16w 2023"]
[Site "Willingen GER"]
[Date "2023.05.28"]
[Round "2"]
[White "Reddi, Bhuvana"]
[Black "Ulrich, Helena Irene"]
[Result "1/2-1/2"]
[Termination "normal"]
[Board "9"]
[WhiteElo "1735"]
[BlackElo "1609"]
[WhiteClock "00:00:58"]
[BlackClock "00:01:08"]
[PlyCount "74"]
[WhiteFideId "16287002"]
[BlackFideId "16256000"]
[EventCountry "GER"]
[EventRounds "9"]
[EventType "swiss"]
[EventDate "2023.05.27"]

1. e4 {[%emt 0:00:02]} c5 {[%emt 0:00:03]} 2. Nf3 {[%emt 0:00:02]} Nc6 {[%emt
0:00:04]} 3. d4 {[%emt 0:00:05]} cxd4 {[%emt 0:00:10]} 4. Nxd4 {[%emt 0:00:03]}
Nf6 {[%emt 0:00:03]} 5. Nc3 {[%emt 0:00:09]} e5 {[%emt 0:00:03]} 6. Ndb5 {[%emt
0:00:07]} d6 {[%emt 0:00:10]} 7. Nd5 {[%emt 0:00:46]} Nxd5 {[%emt 0:00:06]} 8.
exd5 {[%emt 0:00:04]} Ne7 {[%emt 0:00:03]} 9. c3 {[%emt 0:01:11]} Nf5 {[%emt
0:02:00]} 10. c4 {[%emt 0:07:30]} a6 {[%emt 0:05:12]} 11. Nc3 {[%emt 0:00:10]}
g6 {[%emt 0:04:59]} 12. Bd3 {[%emt 0:01:55]} Bg7 {[%emt 0:01:59]} 13. O-O
{[%emt 0:01:27]} O-O {[%emt 0:01:47]} 14. Kh1 {[%emt 0:05:02]} Re8 {[%emt
0:15:54]} 15. Qa4 {[%emt 0:37:19]} Bd7 {[%emt 0:13:24]} 16. Qb4 {[%emt
0:02:55]} Qc7 {[%emt 0:07:32]} 17. Ne4 {[%emt 0:04:53]} a5 {[%emt 0:05:35]} 18.
Qa3 {[%emt 0:00:57]} h6 {[%emt 0:12:55]} 19. f3 {[%emt 0:16:48]} Red8 {[%emt
0:10:36]} 20. Bd2 {[%emt 0:10:49]} b6 {[%emt 0:06:14]} 21. Rac1 {[%emt
0:02:05]} Be8 {[%emt 0:04:37]} 22. Rfe1 {[%emt 0:00:55]} Nd4 {[%emt 0:02:26]}
23. Be3 {[%emt 0:02:57]} f5 {[%emt 0:02:14]} 24. Nc3 {[%emt 0:01:05]} Qc5
{[%emt 0:02:19]} 25. Qxc5 {[%emt 0:00:50]} bxc5 {[%emt 0:00:09]} 26. Bxd4
{[%emt 0:01:40]} exd4 {[%emt 0:01:30]} 27. Ne2 {[%emt 0:00:20]} Bf7 {[%emt
0:00:56]} 28. h3 {[%emt 0:01:13]} Re8 {[%emt 0:01:01]} 29. g4 {[%emt 0:00:25]}
fxg4 {[%emt 0:00:08]} 30. fxg4 g5 31. Ng3 Rxe1+ 32. Rxe1 Re8 33. Rxe8+ Bxe8 34.
Nf5 Bf8 35. Kg2 Bd7 36. Kf3 Bxf5 37. Bxf5 Kf7 1/2-1/2

[Event "DEM U16w 2023"]
[Site "Willingen GER"]
[Date "2023.05.28"]
[Round "2"]
[White "Nguyen, Jenny Ha-Linh"]
[Black "Heuberger, Sandra"]
[Result "1-0"]
[Termination "normal"]
[Board "12"]
[WhiteElo "1554"]
[BlackElo "1196"]
[WhiteClock "00:10:38"]
[BlackClock "00:23:32"]
[PlyCount "85"]
[WhiteFideId "16209729"]
[BlackFideId "16232151"]
[EventCountry "GER"]
[EventRounds "9"]
[EventType "swiss"]
[EventDate "2023.05.27"]

1. e4 {[%clk 01:30:57]} {[%emt 00:00:02]} e5 {[%clk 01:30:55]} {[%emt
00:00:07]} 2. Nf3 {[%clk 01:31:19]} {[%emt 00:00:06]} Nc6 {[%clk 01:31:18]}
{[%emt 00:00:09]} 3. Bc4 {[%clk 01:31:36]} {[%emt 00:00:12]} Nf6 {[%clk
01:31:36]} {[%emt 00:00:12]} 4. d3 {[%clk 01:31:51]} {[%emt 00:00:14]} Be7
{[%clk 01:31:17]} {[%emt 00:00:50]} 5. O-O {[%clk 01:31:48]} {[%emt 00:00:33]}
O-O {[%clk 01:31:33]} {[%emt 00:00:14]} 6. c3 {[%clk 01:31:23]} {[%emt
00:00:55]} d6 {[%clk 01:31:07]} {[%emt 00:00:57]} 7. Bb3 {[%clk 01:29:10]}
{[%emt 00:02:44]} Bg4 {[%clk 01:30:38]} {[%emt 00:00:58]} 8. Nbd2 {[%clk
01:28:25]} {[%emt 00:01:15]} Re8 {[%clk 01:29:25]} {[%emt 00:01:43]} 9. h3
{[%clk 01:27:27]} {[%emt 00:01:29]} Bh5 {[%clk 01:29:22]} {[%emt 00:00:34]} 10.
Re1 {[%clk 01:27:17]} {[%emt 00:00:39]} a6 {[%clk 01:24:49]} {[%emt 00:05:04]}
11. Nf1 {[%clk 01:26:39]} {[%emt 00:01:06]} Nd7 {[%clk 01:22:39]} {[%emt
00:02:41]} 12. Ng3 {[%clk 01:22:47]} {[%emt 00:04:21]} Bg6 {[%clk 01:22:52]}
{[%emt 00:00:16]} 13. d4 {[%clk 01:18:31]} {[%emt 00:04:47]} Bf6 {[%clk
01:16:29]} {[%emt 00:06:52]} 14. dxe5 {[%clk 01:05:42]} {[%emt 00:13:19]} Ndxe5
{[%clk 01:14:59]} {[%emt 00:02:00]} 15. Nd4 {[%clk 01:01:02]} {[%emt 00:05:10]}
Na5 {[%clk 01:08:45]} {[%emt 00:06:44]} 16. Bc2 {[%clk 00:54:45]} {[%emt
00:06:47]} Qd7 {[%clk 01:04:05]} {[%emt 00:05:10]} 17. f4 {[%clk 00:43:49]}
{[%emt 00:11:25]} Bh4 {[%clk 00:59:13]} {[%emt 00:05:23]} 18. Kh2 {[%clk
00:42:33]} {[%emt 00:01:45]} c5 {[%clk 00:52:12]} {[%emt 00:07:30]} 19. Nb3
{[%clk 00:34:43]} {[%emt 00:08:21]} Nxb3 {[%clk 00:48:50]} {[%emt 00:03:52]}
20. axb3 {[%clk 00:35:05]} {[%emt 00:00:07]} Nc6 {[%clk 00:38:42]} {[%emt
00:10:39]} 21. f5 {[%clk 00:35:01]} {[%emt 00:00:35]} Qc7 {[%clk 00:38:35]}
{[%emt 00:00:36]} 22. fxg6 {[%clk 00:35:11]} {[%emt 00:00:20]} hxg6 {[%clk
00:38:25]} {[%emt 00:00:41]} 23. Qg4 {[%clk 00:30:27]} {[%emt 00:05:13]} Bf6
{[%clk 00:37:45]} {[%emt 00:01:10]} 24. Bg5 {[%clk 00:26:29]} {[%emt 00:04:28]}
Be5 {[%clk 00:35:02]} {[%emt 00:03:13]} 25. Bf4 {[%clk 00:25:42]} {[%emt
00:01:17]} Bf6 {[%clk 00:35:05]} {[%emt 00:00:27]} 26. Rad1 {[%clk 00:25:25]}
{[%emt 00:00:47]} Ne5 {[%clk 00:32:29]} {[%emt 00:03:06]} 27. Bxe5 {[%clk
00:21:41]} {[%emt 00:04:14]} Bxe5 {[%clk 00:32:31]} {[%emt 00:00:27]} 28. Kh1
{[%clk 00:20:22]} {[%emt 00:01:49]} Rad8 {[%clk 00:32:05]} {[%emt 00:00:56]}
29. Rd5 {[%clk 00:18:42]} {[%emt 00:02:11]} b6 {[%clk 00:31:46]} {[%emt
00:00:49]} 30. Ne2 {[%clk 00:17:09]} {[%emt 00:02:02]} Re6 {[%clk 00:28:47]}
{[%emt 00:03:28]} 31. Rf1 {[%clk 00:15:42]} {[%emt 00:01:58]} b5 {[%clk
00:27:54]} {[%emt 00:01:23]} 32. Ng1 {[%clk 00:12:40]} {[%emt 00:03:32]} b4
{[%clk 00:27:11]} {[%emt 00:01:15]} 33. Nf3 {[%clk 00:12:10]} {[%emt 00:00:59]}
Rf6 {[%clk 00:26:41]} {[%emt 00:01:00]} 34. Rfd1 {[%clk 00:10:49]} {[%emt
00:01:51]} Re8 {[%clk 00:25:25]} {[%emt 00:01:48]} 35. Nxe5 {[%clk 00:10:55]}
{[%emt 00:00:23]} dxe5 {[%clk 00:25:13]} {[%emt 00:00:42]} 36. Qe2 {[%clk
00:10:03]} {[%emt 00:01:23]} bxc3 {[%clk 00:24:50]} {[%emt 00:00:53]} 37. bxc3
{[%clk 00:10:20]} {[%emt 00:00:12]} Qb6 {[%clk 00:24:33]} {[%emt 00:00:46]} 38.
Rf1 {[%clk 00:09:55]} {[%emt 00:00:55]} Rfe6 {[%clk 00:23:56]} {[%emt
00:01:06]} 39. Qc4 {[%clk 00:09:43]} {[%emt 00:00:44]} Rc6 {[%clk 00:23:30]}
{[%emt 00:00:56]} 40. Rd7 {[%clk 00:09:59]} {[%emt 00:00:14]} Rf8 {[%clk
00:23:13]} {[%emt 00:00:46]} 41. Rfxf7 {[%clk 00:10:14]} {[%emt 00:00:15]} Rxf7
{[%clk 00:23:21]} {[%emt 00:00:23]} 42. Qxf7+ {[%clk 00:10:38]} {[%emt
00:00:06]} Kh7 {[%clk 00:23:32]} {[%emt 00:00:19]} 43. Qxg7# {[%emt 00:00:05]}
1-0

[Event "DEM U16w 2023"]
[Site "Willingen GER"]
[Date "2023.05.28"]
[Round "2"]
[White "Petrosyan, Ani"]
[Black "Rotärmel, Leonie"]
[Result "1-0"]
[Termination "normal"]
[Board "13"]
[WhiteElo "1370"]
[BlackElo "1606"]
[WhiteClock "00:10:20"]
[BlackClock "00:01:04"]
[PlyCount "57"]
[WhiteFideId "16248015"]
[BlackFideId "16281390"]
[EventCountry "GER"]
[EventRounds "9"]
[EventType "swiss"]
[EventDate "2023.05.27"]

1. c4 {[%clk 01:30:51]} {[%emt 00:00:08]} Nf6 {[%clk 01:30:50]} {[%emt
00:00:11]} 2. Nc3 {[%clk 01:30:44]} {[%emt 00:00:36]} d5 {[%clk 01:28:58]}
{[%emt 00:02:23]} 3. e3 {[%clk 01:24:02]} {[%emt 00:07:11]} dxc4 {[%clk
01:29:13]} {[%emt 00:00:16]} 4. Bxc4 {[%clk 01:23:53]} {[%emt 00:00:38]} e6
{[%clk 01:29:23]} {[%emt 00:00:21]} 5. Nf3 {[%clk 01:21:52]} {[%emt 00:02:29]}
a6 {[%clk 01:23:21]} {[%emt 00:06:32]} 6. O-O {[%clk 01:15:08]} {[%emt
00:07:14]} b5 {[%clk 01:23:18]} {[%emt 00:00:33]} 7. Be2 {[%clk 01:15:07]}
{[%emt 00:00:31]} Bb7 {[%clk 01:20:09]} {[%emt 00:03:41]} 8. b3 {[%clk
01:14:15]} {[%emt 00:01:21]} c5 {[%clk 01:17:47]} {[%emt 00:02:53]} 9. Bb2
{[%clk 01:07:23]} {[%emt 00:07:21]} Nc6 {[%clk 01:10:45]} {[%emt 00:07:32]} 10.
Rc1 {[%clk 01:05:13]} {[%emt 00:02:39]} Be7 {[%clk 01:06:51]} {[%emt 00:04:24]}
11. Qc2 {[%clk 01:00:01]} {[%emt 00:05:42]} O-O {[%clk 00:55:53]} {[%emt
00:11:30]} 12. Ne4 {[%clk 00:57:33]} {[%emt 00:02:57]} Nd7 {[%clk 00:29:23]}
{[%emt 00:26:59]} 13. Rfd1 {[%clk 00:47:58]} {[%emt 00:10:05]} Nb4 {[%clk
00:27:52]} {[%emt 00:02:01]} 14. Qb1 {[%clk 00:34:40]} {[%emt 00:13:48]} Nxa2
{[%clk 00:25:46]} {[%emt 00:02:36]} 15. Qxa2 {[%clk 00:34:20]} {[%emt
00:00:51]} Bxe4 {[%clk 00:25:22]} {[%emt 00:00:54]} 16. d4 {[%clk 00:34:32]}
{[%emt 00:00:18]} Qe8 {[%clk 00:14:29]} {[%emt 00:11:23]} 17. dxc5 {[%clk
00:33:27]} {[%emt 00:01:35]} Nxc5 {[%clk 00:11:10]} {[%emt 00:03:48]} 18. Bd4
{[%clk 00:29:02]} {[%emt 00:04:55]} Nd7 {[%clk 00:09:31]} {[%emt 00:02:09]} 19.
Rc7 {[%clk 00:26:24]} {[%emt 00:03:08]} Nf6 {[%clk 00:04:06]} {[%emt 00:05:56]}
20. Bxf6 {[%clk 00:19:53]} {[%emt 00:07:01]} Bxf6 {[%clk 00:03:59]} {[%emt
00:00:37]} 21. Rdd7 {[%clk 00:19:58]} {[%emt 00:00:24]} Bc6 {[%clk 00:02:57]}
{[%emt 00:01:32]} 22. Rd6 {[%clk 00:16:49]} {[%emt 00:03:38]} Bxf3 {[%clk
00:00:40]} {[%emt 00:02:47]} 23. Bxf3 {[%clk 00:16:41]} {[%emt 00:00:38]} Be5
{[%clk 00:00:35]} {[%emt 00:00:35]} 24. Bxa8 {[%clk 00:13:38]} {[%emt
00:03:34]} Qxa8 {[%clk 00:00:54]} {[%emt 00:00:12]} 25. Rxa6 {[%clk 00:13:14]}
{[%emt 00:00:52]} Qd5 {[%clk 00:00:38]} {[%emt 00:00:47]} 26. Rc1 {[%clk
00:13:14]} {[%emt 00:00:30]} Rd8 {[%clk 00:00:47]} {[%emt 00:00:21]} 27. g3
{[%clk 00:12:36]} {[%emt 00:01:09]} Qf3 {[%clk 00:00:53]} {[%emt 00:00:22]} 28.
Qc2 {[%clk 00:12:02]} {[%emt 00:01:03]} Qb7 {[%clk 00:01:04]} {[%emt 00:00:20]}
29. Rc6 {[%clk 00:10:20]} {[%emt 00:02:12]} 1-0